[Event "Campeonato de España Femenino 2007"]
[Site "Socuellamos ESP"]
[Date "2007.10.08"]
[Round "1.1"]
[White "Alcaraz Soriano, Angela"]
[Black "Calzetta Ruiz, Monica"]
[Result "0-1"]
[WhiteElo "1997"]
[BlackElo "2287"]
[PlyCount "94"]
[EventDate "2007.10.08"]
[EventType "swiss"]
[EventRounds "7"]
[EventCountry "ESP"]
[Source "lmi"]
[SourceDate "2007.10.08"]

1. d4 Nf6 2. c4 c5 3. d5 b5 4. cxb5 a6 5. b6 Qxb6 6. Nc3 g6 7. e4 d6 8. Nf3 Bg7
9. Be2 O-O 10. O-O Bg4 11. Nd2 Bxe2 12. Qxe2 Nfd7 13. Nc4 Qb4 14. a3 Qb3 15.
Na5 Qb6 16. Nc4 Qc7 17. f4 Nb6 18. Nxb6 Qxb6 19. Be3 Nd7 20. Rac1 Qb3 21. Rf3
Rfb8 22. Nd1 Qb5 23. Qc2 Rb7 24. Bf2 Rab8 25. b3 Nf6 26. h3 Qa5 27. Rb1 Bh6 28.
g4 Bg7 29. g5 Nh5 30. Kg2 h6 31. h4 Kh7 32. f5 hxg5 33. hxg5 Be5 34. Be3 Qxa3
35. Bd2 Rb4 36. Bxb4 Qxb4 37. fxg6+ fxg6 38. Rf7+ Kg8 39. Rf3 Nf4+ 40. Kf1 Kg7
41. Nf2 Qb5+ 42. Ke1 Rh8 43. Qc4 Qa5+ 44. Kd1 Rh2 45. b4 Qa4+ 46. Qb3 Qb5 47.
Nd3 c4 0-1

[Event "Campeonato de España Femenino 2007"]
[Site "Socuellamos ESP"]
[Date "2007.10.08"]
[Round "1.2"]
[White "Garcia Vicente, Nieves"]
[Black "Ares Campo, Iria"]
[Result "1/2-1/2"]
[WhiteElo "2199"]
[BlackElo "1960"]
[PlyCount "90"]
[EventDate "2007.10.08"]
[EventType "swiss"]
[EventRounds "7"]
[EventCountry "ESP"]
[Source "lmi"]
[SourceDate "2007.10.08"]

1. d4 d5 2. c4 c6 3. Nc3 Nf6 4. Nf3 g6 5. e3 Bg7 6. Be2 O-O 7. O-O e6 8. Rb1
Ne4 9. Nxe4 dxe4 10. Nd2 f5 11. f4 g5 12. g3 g4 13. b4 h5 14. Nb3 Nd7 15. Bd2
Rf6 16. Be1 Rh6 17. Nc5 Nf8 18. Bf2 b6 19. Nb3 h4 20. Rc1 Qe7 21. b5 Bb7 22. c5
Rc8 23. a4 Nd7 24. cxb6 axb6 25. bxc6 Rxc6 26. Qd2 hxg3 27. Bxg3 Nf6 28. Bb5
Rxc1 29. Rxc1 Bd5 30. Rc8+ Kh7 31. Nc1 Nh5 32. Bf1 Nxg3 33. hxg3 Qa3 34. Bb5
Rh3 35. Kg2 Qe7 36. Ne2 Qf6 37. Ng1 Rh5 38. Qc3 Qh6 39. Rc7 Rh1 40. Rxg7+ Kxg7
41. Qc7+ Kf6 42. Qd8+ Kg7 43. Qe7+ Kh8 44. Qd8+ Kg7 45. Qe7+ Kh8 1/2-1/2

[Event "Campeonato de España Femenino 2007"]
[Site "Socuellamos ESP"]
[Date "2007.10.08"]
[Round "1.3"]
[White "Suarez Sanchez, Esperanza"]
[Black "Gutierrez Castillo, Paloma"]
[Result "0-1"]
[WhiteElo "1957"]
[BlackElo "2141"]
[PlyCount "36"]
[EventDate "2007.10.08"]
[EventType "swiss"]
[EventRounds "7"]
[EventCountry "ESP"]
[Source "lmi"]
[SourceDate "2007.10.08"]

1. d4 d5 2. c4 e6 3. Nf3 c6 4. Nc3 dxc4 5. e4 b5 6. Be2 Bb7 7. O-O Nf6 8. Bg5
h6 9. Bxf6 Qxf6 10. a3 a6 11. Ne5 c5 12. f4 Bd6 13. g3 cxd4 14. Nxf7 Qxf7 15.
Qxd4 Be7 16. f5 O-O 17. Bg4 Nc6 18. Qd7 Bc5+ 0-1

[Event "Campeonato de España Femenino 2007"]
[Site "Socuellamos ESP"]
[Date "2007.10.08"]
[Round "1.4"]
[White "Vega Gutierrez, Belinda Vidina"]
[Black "Cucarella Montell, Angels"]
[Result "1-0"]
[WhiteElo "2085"]
[BlackElo "1953"]
[PlyCount "45"]
[EventDate "2007.10.08"]
[EventType "swiss"]
[EventRounds "7"]
[EventCountry "ESP"]
[Source "lmi"]
[SourceDate "2007.10.08"]

1. e4 c5 2. Nf3 Nc6 3. d4 cxd4 4. Nxd4 Qb6 5. Nb3 Nf6 6. Nc3 e6 7. Bd3 Bb4 8.
O-O O-O 9. Be3 Qc7 10. f4 a6 11. Qf3 b5 12. Qh3 g6 13. f5 Be7 14. Bh6 Re8 15.
Bg5 Rf8 16. Qh4 Qd8 17. Rf2 h5 18. h3 Ne5 19. Raf1 Kg7 20. Qf4 Nxd3 21. cxd3
Kh7 22. Qh4 Kg7 23. e5 1-0

[Event "Campeonato de España Femenino 2007"]
[Site "Socuellamos ESP"]
[Date "2007.10.08"]
[Round "1.5"]
[White "Rodriguez Lorenzo, Yadira"]
[Black "Penas Hernandez, Yolanda"]
[Result "0-1"]
[WhiteElo "1905"]
[BlackElo "2046"]
[PlyCount "106"]
[EventDate "2007.10.08"]
[EventType "swiss"]
[EventRounds "7"]
[EventCountry "ESP"]
[Source "lmi"]
[SourceDate "2007.10.08"]

1. e4 e5 2. Nf3 Nc6 3. c3 Nf6 4. d4 exd4 5. e5 Qe7 6. cxd4 d6 7. Bb5 Bd7 8. O-O
dxe5 9. dxe5 Ng4 10. Bg5 Qc5 11. Qd3 Be7 12. Nc3 O-O-O 13. b4 Nxb4 14. Bxd7+
Rxd7 15. Qf5 Bxg5 16. Ne4 Qe7 17. Qxg4 Bh6 18. Rab1 Rhd8 19. Nd6+ cxd6 20. Qxb4
dxe5 21. Qa5 b6 22. Qxe5 Qxe5 23. Nxe5 Rc7 24. Rb3 Rd2 25. a3 Rdc2 26. g3 f6
27. Nd3 Ra2 28. Nb4 Rd2 29. Re1 Kb7 30. Re8 Rcd7 31. Rc3 Rd1+ 32. Kg2 Bd2 33.
Rc4 Rc1 34. Rce4 a5 35. R4e7 Rcc7 36. Rxd7 Rxd7 37. Nc2 Rd3 38. a4 Rc3 39. Re7+
Rc7 40. Rxc7+ Kxc7 41. Kf3 Kc6 42. Ke4 Kc5 43. Kd3 Bb4 44. Nd4 Be1 45. f4 Bf2
46. Ne6+ Kb4 47. Nxg7 Bg1 48. Ne8 Bxh2 49. Nxf6 Bxg3 50. Nd5+ Kxa4 51. Nxb6+
Kb3 52. f5 Be5 53. Nc4 Bc3 0-1

[Event "Campeonato de España Femenino 2007"]
[Site "Socuellamos ESP"]
[Date "2007.10.08"]
[Round "1.6"]
[White "Clopes Llahi, Judit"]
[Black "Salido Polo, Veronica"]
[Result "1/2-1/2"]
[WhiteElo "2038"]
[BlackElo "1747"]
[PlyCount "61"]
[EventDate "2007.10.08"]
[EventType "swiss"]
[EventRounds "7"]
[EventCountry "ESP"]
[Source "lmi"]
[SourceDate "2007.10.08"]

1. e4 d5 2. exd5 Qxd5 3. Nf3 Bg4 4. Be2 Nc6 5. d4 O-O-O 6. c4 Qa5+ 7. Bd2 Qf5
8. Be3 Nb4 9. O-O Nf6 10. a3 Nc6 11. Nbd2 e6 12. b4 Bd6 13. Qa4 Qh5 14. g3 Ne4
15. Nxe4 Bxf3 16. Bxf3 Qxf3 17. Nd2 Qg4 18. Nb3 h5 19. c5 h4 20. cxd6 hxg3 21.
fxg3 Rh3 22. Bf4 g5 23. d7+ Kb8 24. Bxc7+ Kxc7 25. Ra2 Rxg3+ 26. hxg3 Qxg3+ 27.
Rg2 Qe3+ 28. Rgf2 Qg3+ 29. Rg2 Qe3+ 30. Rgf2 Qg3+ 31. Rg2 1/2-1/2

[Event "Campeonato de España Femenino 2007"]
[Site "Socuellamos ESP"]
[Date "2007.10.08"]
[Round "1.7"]
[White "Torrecillas Muelas, Maria C"]
[Black "Sanjuan Morigosa, Isaura"]
[Result "0-1"]
[WhiteElo "1707"]
[BlackElo "2009"]
[PlyCount "86"]
[EventDate "2007.10.08"]
[EventType "swiss"]
[EventRounds "7"]
[EventCountry "ESP"]
[Source "lmi"]
[SourceDate "2007.10.08"]

1. c4 Nf6 2. g3 g6 3. Bg2 Bg7 4. Nc3 O-O 5. e4 d6 6. Nge2 e5 7. d3 c6 8. O-O
Be6 9. Bg5 h6 10. Bd2 a5 11. Rb1 Na6 12. a3 Nc5 13. Be3 Ng4 14. Bxc5 dxc5 15.
h3 Nf6 16. f4 Qc8 17. Kh2 Rd8 18. Qc2 Nh5 19. Na4 exf4 20. gxf4 Qc7 21. Kh1 Bf8
22. Rf3 Bd6 23. Rbf1 f5 24. Nac3 Be7 25. Qc1 Bh4 26. Qe3 b6 27. Rg1 Kh7 28. e5
Rd7 29. Rd1 Rad8 30. Rff1 Rd4 31. Qf3 Qd7 32. Nxd4 Ng3+ 33. Kh2 Nxf1+ 34. Bxf1
Qxd4 35. Be2 g5 36. Rf1 Qxf4+ 37. Qxf4 gxf4 38. Rxf4 Bg5 39. Rf1 Rd4 40. Kg3
f4+ 41. Kh2 Bf5 42. Ne4 Bxe4 43. dxe4 Rd2 0-1

[Event "Campeonato de España Femenino 2007"]
[Site "Socuellamos ESP"]
[Date "2007.10.09"]
[Round "2.1"]
[White "Calzetta Ruiz, Monica"]
[Black "Penas Hernandez, Yolanda"]
[Result "1-0"]
[WhiteElo "2287"]
[BlackElo "2046"]
[PlyCount "75"]
[EventDate "2007.10.08"]
[EventType "swiss"]
[EventRounds "7"]
[EventCountry "ESP"]
[Source "lmi"]
[SourceDate "2007.10.08"]

1. e4 e5 2. Nf3 Nc6 3. Bb5 a6 4. Ba4 Nf6 5. d3 b5 6. Bb3 Bc5 7. O-O O-O 8. Bg5
h6 9. Bh4 d6 10. c3 g5 11. Bg3 Bg4 12. Nbd2 Rb8 13. h3 Bh5 14. Qc1 Bg6 15. Re1
Nh5 16. Nf1 Nf4 17. Qd2 Qf6 18. N3h2 h5 19. Ne3 Ne7 20. Rad1 Ne6 21. f3 a5 22.
Bf2 Kh8 23. Nhf1 Rg8 24. a3 b4 25. axb4 axb4 26. Bc4 Nf4 27. Kh2 Rg7 28. Ra1
Rh7 29. Ra6 bxc3 30. bxc3 Bb6 31. Rea1 Kg7 32. Ra8 Rxa8 33. Rxa8 g4 34. fxg4
Qg5 35. h4 hxg4 36. g3 Ne6 37. Bxe6 Rxh4+ 38. gxh4 1-0

[Event "Campeonato de España Femenino 2007"]
[Site "Socuellamos ESP"]
[Date "2007.10.09"]
[Round "2.2"]
[White "Gutierrez Castillo, Paloma"]
[Black "Boix Pons, Catalina"]
[Result "1-0"]
[WhiteElo "2141"]
[BlackElo "2004"]
[PlyCount "101"]
[EventDate "2007.10.08"]
[EventType "swiss"]
[EventRounds "7"]
[EventCountry "ESP"]
[Source "lmi"]
[SourceDate "2007.10.08"]

1. e4 c5 2. Nf3 d6 3. Bb5+ Bd7 4. Bxd7+ Qxd7 5. c4 Nc6 6. Nc3 g6 7. d4 cxd4 8.
Nxd4 Bg7 9. Nde2 Nf6 10. f3 O-O 11. O-O e6 12. Bg5 h6 13. Bh4 a6 14. a4 Qc7 15.
Rb1 Nd7 16. f4 Na5 17. b3 Nf6 18. f5 Rae8 19. Bg3 e5 20. Kh1 Nc6 21. fxg6 fxg6
22. Nd5 Nxd5 23. Qxd5+ Kh7 24. Rxf8 Rxf8 25. Rd1 Rf6 26. Bh4 g5 27. Bg3 Qb6 28.
Qd3 Nd4 29. Nxd4 Qxd4 30. Qe2 Qc3 31. Rd3 Qc1+ 32. Rd1 Qc3 33. Rb1 Qd4 34. h3
Bf8 35. Rf1 Be7 36. Rxf6 Bxf6 37. Bf2 Qc3 38. Qd1 Be7 39. Qd5 Bf8 40. Qxb7+ Bg7
41. Qxa6 Qxb3 42. Bg1 Qd3 43. Qb7 g4 44. h4 Qg3 45. Qe7 Qe1 46. h5 Qxe4 47.
Qxd6 Qxc4 48. a5 Qe2 49. a6 g3 50. Qg6+ Kg8 51. a7 1-0

[Event "Campeonato de España Femenino 2007"]
[Site "Socuellamos ESP"]
[Date "2007.10.09"]
[Round "2.3"]
[White "Sanjuan Morigosa, Isaura"]
[Black "Vega Gutierrez, Belinda Vidina"]
[Result "0-1"]
[WhiteElo "2009"]
[BlackElo "2085"]
[PlyCount "122"]
[EventDate "2007.10.08"]
[EventType "swiss"]
[EventRounds "7"]
[EventCountry "ESP"]
[Source "lmi"]
[SourceDate "2007.10.08"]

1. d4 Nf6 2. c4 g6 3. Nc3 Bg7 4. e4 d6 5. Nf3 O-O 6. g3 e5 7. Bg2 Nc6 8. d5 Nd4
9. Nxd4 exd4 10. Ne2 c5 11. dxc6 bxc6 12. Qxd4 Ng4 13. Qd3 Ne5 14. Qc2 Qa5+ 15.
Bd2 Qc5 16. Rc1 d5 17. b3 dxc4 18. O-O Ba6 19. Be3 Qe7 20. Rfd1 Nd3 21. Rb1 Nb4
22. Qd2 Rad8 23. Qe1 Nc2 24. Qa5 Nxe3 25. fxe3 Bc8 26. bxc4 Bg4 27. Rxd8 Rxd8
28. Nd4 Bxd4 29. exd4 Rxd4 30. Rb8+ Kg7 31. Qc3 c5 32. Qb2 Qf6 33. h3 Bf3 34.
Rb5 Bxg2 35. Kxg2 Qe5 36. Kh2 h5 37. h4 Rxe4 38. Qxe5+ Rxe5 39. Ra5 Re2+ 40.
Kg1 Rc2 41. Rxa7 Rxc4 42. Kf2 Kf6 43. Ke3 Ke6 44. a4 f6 45. Ra8 Kf5 46. a5 Ra4
47. a6 Kg4 48. Kf2 Ra2+ 49. Ke3 Kxg3 50. a7 Kxh4 51. Ke4 g5 52. Kf5 g4 53. Kxf6
c4 54. Kg6 c3 55. Rh8 Ra6+ 56. Kf5 Rxa7 57. Rc8 Ra3 58. Rc4 Kh3 59. Kg5 h4 60.
Kf4 g3 61. Rc8 g2 0-1

[Event "Campeonato de España Femenino 2007"]
[Site "Socuellamos ESP"]
[Date "2007.10.09"]
[Round "2.5"]
[White "Gonzalez Berruga, Ana Isabel"]
[Black "Clopes Llahi, Judit"]
[Result "0-1"]
[WhiteElo "2001"]
[BlackElo "2038"]
[PlyCount "77"]
[EventDate "2007.10.08"]
[EventType "swiss"]
[EventRounds "7"]
[EventCountry "ESP"]
[Source "lmi"]
[SourceDate "2007.10.08"]

1. d4 Nf6 2. c4 e6 3. Nf3 Bb4+ 4. Bd2 c5 5. Qc2 Nc6 6. e3 O-O 7. a3 Bxd2+ 8.
Nbxd2 cxd4 9. exd4 d5 10. c5 a5 11. Rb1 Qe7 12. Bb5 e5 13. dxe5 Nxe5 14. O-O
Nxf3+ 15. Nxf3 Bg4 16. Nd4 Qe5 17. Qa4 Ne4 18. Rbc1 Qg5 19. f4 Qg6 20. Bd7 Rfd8
21. Bxg4 Qxg4 22. c6 bxc6 23. Nxc6 Qd7 24. Qd4 Rdc8 25. Qxd5 Qxd5 26. Ne7+ Kf8
27. Nxd5 Rcb8 28. Rfe1 f5 29. b4 axb4 30. axb4 Ra2 31. g4 Nd2 32. Re3 fxg4 33.
Nc7 Nf3+ 34. Kf1 Nxh2+ 35. Kg1 Nf3+ 36. Kf1 Rxb4 37. Ne6+ Kf7 38. Rc7+ Kf6 39.
Rc1 0-1

[Event "Campeonato de España Femenino 2007"]
[Site "Socuellamos ESP"]
[Date "2007.10.09"]
[Round "2.7"]
[White "Salido Polo, Veronica"]
[Black "Fidalgo Garcia, Sandra"]
[Result "1-0"]
[WhiteElo "1747"]
[BlackElo "2000"]
[PlyCount "59"]
[EventDate "2007.10.08"]
[EventType "swiss"]
[EventRounds "7"]
[EventCountry "ESP"]
[Source "lmi"]
[SourceDate "2007.10.08"]

1. e4 e6 2. d4 d5 3. Nd2 Nf6 4. e5 Nfd7 5. Bd3 c5 6. c3 Nc6 7. Ne2 Qc7 8. O-O
Rb8 9. f4 g6 10. Nf3 b5 11. g4 cxd4 12. cxd4 Nb4 13. Bb1 Nb6 14. a3 Nc6 15. b3
b4 16. f5 bxa3 17. fxe6 Bxe6 18. Ng5 Nd8 19. Nf4 Qc3 20. Ra2 Be7 21. Nfxe6 Nxe6
22. Nxf7 Rf8 23. Raf2 Nxd4 24. Bh6 Rxf7 25. Rxf7 Bc5 26. Kh1 Nxb3 27. Rxh7 Kd8
28. Bxg6 Kc8 29. Bf5+ Kd8 30. Bg5+ 1-0

[Event "Campeonato de España Femenino 2007"]
[Site "Socuellamos ESP"]
[Date "2007.10.09"]
[Round "2.8"]
[White "Rodriguez Lorenzo, Yadira"]
[Black "Alcaraz Soriano, Angela"]
[Result "0-1"]
[WhiteElo "1905"]
[BlackElo "1997"]
[PlyCount "96"]
[EventDate "2007.10.08"]
[EventType "swiss"]
[EventRounds "7"]
[EventCountry "ESP"]
[Source "lmi"]
[SourceDate "2007.10.08"]

1. e4 c5 2. Nf3 d6 3. d4 Nf6 4. Nc3 cxd4 5. Nxd4 a6 6. Be2 e5 7. Nb3 Be6 8. O-O
Be7 9. Be3 O-O 10. a4 b6 11. Qd2 Nbd7 12. f4 Qc7 13. Nd5 Bxd5 14. exd5 Ne4 15.
Qd1 f5 16. fxe5 dxe5 17. c4 Kh8 18. a5 f4 19. Bf2 Nxf2 20. Rxf2 Nc5 21. Rf3 Ne4
22. Bd3 Ng5 23. Nd2 Bc5+ 24. Kh1 Bd4 25. Ne4 Nxe4 26. Bxe4 Rab8 27. Qc2 h6 28.
axb6 Qxb6 29. Rb1 a5 30. b3 Qb4 31. Qe2 Rb6 32. Bc2 Qd6 33. Rh3 Rf6 34. Qg4 Qf8
35. Qf3 Qe8 36. Qe4 Rg6 37. Qe1 Ra6 38. Bd3 Bc5 39. Bxg6 Qxg6 40. Qd1 e4 41.
Qh5 Kh7 42. Rd1 Qf6 43. Qe2 e3 44. Rh5 g6 45. Rh3 Rb6 46. Qd3 Qf5 47. Rf3 Qxd3
48. Rxd3 e2 0-1

[Event "Campeonato de España Femenino 2007"]
[Site "Socuellamos ESP"]
[Date "2007.10.09"]
[Round "2.10"]
[White "Cucarella Montell, Angels"]
[Black "Torrecillas Muelas, Maria C"]
[Result "1-0"]
[WhiteElo "1953"]
[BlackElo "1707"]
[PlyCount "145"]
[EventDate "2007.10.08"]
[EventType "swiss"]
[EventRounds "7"]
[EventCountry "ESP"]
[Source "lmi"]
[SourceDate "2007.10.08"]

1. e4 e6 2. d4 d5 3. Nc3 Nf6 4. e5 Nfd7 5. f4 c5 6. Nf3 Nc6 7. Be3 a6 8. Qd2 b5
9. a3 Qb6 10. Qf2 cxd4 11. Nxd4 Nxd4 12. Bxd4 Bc5 13. Ne2 O-O 14. g3 Qc7 15.
Bh3 Bxd4 16. Nxd4 Nc5 17. O-O Bd7 18. Rae1 Rae8 19. Qe2 Qb6 20. Kh1 Na4 21. c3
Nc5 22. g4 Qc7 23. f5 exf5 24. gxf5 Ne4 25. Nf3 Qc8 26. Qd3 Bxf5 27. Bxf5 Qxf5
28. Qxd5 Ng5 29. Nd4 Qc8 30. Rg1 Ne6 31. Nf5 Qa8 32. Qe4 Qxe4+ 33. Rxe4 g6 34.
Nd4 Nc5 35. Re2 Re7 36. Rg3 Rfe8 37. Rge3 Kg7 38. Kg2 Ne6 39. Kf3 Ng5+ 40. Kf4
h6 41. h4 Ne6+ 42. Kf3 Nc5 43. Nc6 Re6 44. Nb4 a5 45. Nc2 Nd7 46. Kf4 Nc5 47.
b4 axb4 48. cxb4 Nd7 49. Nd4 Rb6 50. e6 fxe6 51. Nxe6+ Kf6 52. Nc5 g5+ 53. Kg4
Rd8 54. hxg5+ hxg5 55. Rf2+ Kg6 56. Ne6 Re8 57. Nf4+ gxf4 58. Rxe8 Nf6+ 59.
Kxf4 Nxe8 60. Ke5 Nc7 61. Kd4 Ne6+ 62. Kd5 Ra6 63. Rf3 Kg5 64. Re3 Nf4+ 65. Kc5
Ra8 66. Kxb5 Nd5 67. Re5+ Kf6 68. Rxd5 Rxa3 69. Kc6 Ra1 70. b5 Rc1+ 71. Rc5 Rb1
72. b6 Ke6 73. b7 1-0

[Event "Campeonato de España Femenino 2007"]
[Site "Socuellamos ESP"]
[Date "2007.10.09"]
[Round "3.1"]
[White "Vega Gutierrez, Belinda Vidina"]
[Black "Calzetta Ruiz, Monica"]
[Result "1-0"]
[WhiteElo "2085"]
[BlackElo "2287"]
[PlyCount "45"]
[EventDate "2007.10.08"]
[EventType "swiss"]
[EventRounds "7"]
[EventCountry "ESP"]
[Source "lmi"]
[SourceDate "2007.10.08"]

1. e4 c5 2. Nf3 Nf6 3. Nc3 d5 4. exd5 Nxd5 5. Bb5+ Bd7 6. Qe2 Nxc3 7. dxc3 a6
8. Bd3 Nc6 9. Ng5 e6 10. Nxh7 Be7 11. Qh5 Rg8 12. Bg6 Ne5 13. Qxe5 fxg6 14. Bg5
Bxg5 15. Nxg5 Qe7 16. O-O-O Rh8 17. f4 Rf8 18. Ne4 Kf7 19. Nxc5 Bc6 20. Rhe1
Rae8 21. g3 Rh8 22. Rd6 Bd5 23. Rd7 1-0

[Event "Campeonato de España Femenino 2007"]
[Site "Socuellamos ESP"]
[Date "2007.10.09"]
[Round "3.2"]
[White "Clopes Llahi, Judit"]
[Black "Gutierrez Castillo, Paloma"]
[Result "1/2-1/2"]
[WhiteElo "2038"]
[BlackElo "2141"]
[PlyCount "62"]
[EventDate "2007.10.08"]
[EventType "swiss"]
[EventRounds "7"]
[EventCountry "ESP"]
[Source "lmi"]
[SourceDate "2007.10.08"]

1. e4 e5 2. Nf3 Nc6 3. d4 exd4 4. Nxd4 Bb4+ 5. c3 Bc5 6. Nxc6 bxc6 7. Bd3 Ne7
8. Nd2 d6 9. O-O O-O 10. Nb3 Bb6 11. c4 Be6 12. Re1 Ng6 13. Be3 Bxe3 14. Rxe3
Ne5 15. Qc2 Nxd3 16. Qxd3 c5 17. Rd1 f6 18. Nc1 Rb8 19. b3 a5 20. Ne2 a4 21.
Nf4 Bf7 22. Rh3 h6 23. Rg3 axb3 24. axb3 Qe8 25. Qf3 Kh7 26. Qg4 Rg8 27. Qf5+
Kh8 28. Rdd3 Qe5 29. h3 Qxf5 30. exf5 Rge8 31. Rge3 Kg8 1/2-1/2

[Event "Campeonato de España Femenino 2007"]
[Site "Socuellamos ESP"]
[Date "2007.10.09"]
[Round "3.3"]
[White "Garcia Vicente, Nieves"]
[Black "Salido Polo, Veronica"]
[Result "1-0"]
[WhiteElo "2199"]
[BlackElo "1747"]
[PlyCount "49"]
[EventDate "2007.10.08"]
[EventType "swiss"]
[EventRounds "7"]
[EventCountry "ESP"]
[Source "lmi"]
[SourceDate "2007.10.08"]

1. d4 f5 2. Bg5 Nf6 3. Nc3 e6 4. e4 Be7 5. e5 Nd5 6. Bxe7 Nxe7 7. Qh5+ Ng6 8.
Bd3 Nc6 9. Nge2 d6 10. exd6 Qxd6 11. O-O-O Nb4 12. g3 Bd7 13. Nf4 O-O-O 14.
Nxg6 hxg6 15. Qxg6 Qxd4 16. Bxf5 Qxf2 17. Be4 Rxh2 18. Rxh2 Qxh2 19. a3 Nc6 20.
Qxg7 Qf2 21. Kb1 Qc5 22. g4 e5 23. Nd5 Qc4 24. Bf5 Bxf5 25. Qxc7# 1-0

[Event "Campeonato de España Femenino 2007"]
[Site "Socuellamos ESP"]
[Date "2007.10.09"]
[Round "3.4"]
[White "Penas Hernandez, Yolanda"]
[Black "Ares Campo, Iria"]
[Result "0-1"]
[WhiteElo "2046"]
[BlackElo "1960"]
[PlyCount "102"]
[EventDate "2007.10.08"]
[EventType "swiss"]
[EventRounds "7"]
[EventCountry "ESP"]
[Source "lmi"]
[SourceDate "2007.10.08"]

1. e4 d6 2. d4 Nf6 3. Nc3 e5 4. Nf3 Nbd7 5. Bg5 Be7 6. h3 O-O 7. Qd2 c6 8.
O-O-O Qc7 9. g4 b5 10. Bd3 Re8 11. Ne2 Bf8 12. Ng3 a6 13. Rhg1 c5 14. dxe5 dxe5
15. Nh4 c4 16. Be2 Bb7 17. Bf3 b4 18. Bxf6 Nxf6 19. Qg5 h6 20. Qe3 Bc5 21. Qe2
c3 22. Ngf5 Qa5 23. Kb1 Bc6 24. Ne3 Bxe3 25. Qxe3 Bb5 26. b3 Qa3 27. Qc1 Qxc1+
28. Kxc1 Rad8 29. Nf5 Rxd1+ 30. Rxd1 Re6 31. h4 Kh7 32. Rh1 Bc6 33. Re1 g6 34.
Ng3 Rd6 35. Rd1 Rxd1+ 36. Kxd1 Ne8 37. Be2 Nd6 38. f3 Nb5 39. Nf1 Nd4 40. Ne3
Bb5 41. Bc4 Nxf3 42. Bxf7 Nxh4 43. Nd5 Ng2 44. Nxb4 Ne3+ 45. Kc1 Nxg4 46. a4
Be2 47. Bc4 Bxc4 48. bxc4 Nf2 49. Nxa6 h5 50. c5 h4 51. c6 h3 0-1

[Event "Campeonato de España Femenino 2007"]
[Site "Socuellamos ESP"]
[Date "2007.10.09"]
[Round "3.5"]
[White "Alcaraz Soriano, Angela"]
[Black "Sanjuan Morigosa, Isaura"]
[Result "1-0"]
[WhiteElo "1997"]
[BlackElo "2009"]
[PlyCount "71"]
[EventDate "2007.10.08"]
[EventType "swiss"]
[EventRounds "7"]
[EventCountry "ESP"]
[Source "lmi"]
[SourceDate "2007.10.08"]

1. d4 Nf6 2. c4 g6 3. Nc3 Bg7 4. e4 d6 5. f4 O-O 6. Nf3 c5 7. dxc5 dxc5 8. Qxd8
Rxd8 9. e5 Ne8 10. Be3 b6 11. g3 Nc6 12. Bg2 Nb4 13. Ke2 Be6 14. Nd2 Bg4+ 15.
Bf3 Bxf3+ 16. Nxf3 Nd3 17. b3 Nc7 18. Rad1 Nb4 19. a3 Nc2 20. Bc1 Ne6 21. Rxd8+
Rxd8 22. Rd1 Ncd4+ 23. Nxd4 Nxd4+ 24. Kf2 f6 25. exf6 Bxf6 26. Nb5 a6 27. Nxd4
Bxd4+ 28. Kf3 e5 29. fxe5 Rf8+ 30. Ke4 Rf5 31. Bf4 Rh5 32. Rd2 g5 33. Be3 Bc3
34. Rf2 g4 35. Rf5 Rxh2 36. e6 1-0

[Event "Campeonato de España Femenino 2007"]
[Site "Socuellamos ESP"]
[Date "2007.10.09"]
[Round "3.7"]
[White "Suarez Sanchez, Esperanza"]
[Black "Cucarella Montell, Angels"]
[Result "0-1"]
[WhiteElo "1957"]
[BlackElo "1953"]
[PlyCount "110"]
[EventDate "2007.10.08"]
[EventType "swiss"]
[EventRounds "7"]
[EventCountry "ESP"]
[Source "lmi"]
[SourceDate "2007.10.08"]

1. d4 f5 2. g3 e6 3. Bg2 Nf6 4. c4 d6 5. Nf3 Be7 6. Nc3 O-O 7. O-O Ne4 8. Qc2
Nxc3 9. Qxc3 a5 10. b3 Bf6 11. Rb1 Nc6 12. a3 e5 13. e3 g5 14. Rd1 g4 15. Ne1
Qe8 16. b4 axb4 17. axb4 exd4 18. exd4 Nxd4 19. Qd3 Ne2+ 20. Kf1 Nc3 21. Bh6
Rf7 22. Ra1 Ra4 23. Nc2 Nxd1 24. Rxd1 Kh8 25. Bf4 b6 26. Bd5 Re7 27. b5 Bd7 28.
Ne3 Ra1 29. Rxa1 Bxa1 30. Nc2 Be5 31. Be3 Qf8 32. Nd4 Qf6 33. Ne2 Be6 34. Nf4
Bxf4 35. gxf4 Qh6 36. Bd4+ Kg8 37. Qxf5 Qg6 38. Bxe6+ Rxe6 39. Qd5 Qb1+ 40. Kg2
Qe4+ 41. Qxe4 Rxe4 42. Be3 Rxc4 43. Kg3 Rb4 44. Kxg4 Rxb5 45. f5 Rd5 46. Kf4 b5
47. h4 b4 48. Kg5 Kf7 49. h5 Kg7 50. Bc1 h6+ 51. Kg4 Rd4+ 52. f4 Rd5 53. Bb2+
Kf7 54. f6 b3 55. f5 Rd2 0-1

[Event "Campeonato de España Femenino 2007"]
[Site "Socuellamos ESP"]
[Date "2007.10.09"]
[Round "3.10"]
[White "Fidalgo Garcia, Sandra"]
[Black "Rodriguez Lorenzo, Yadira"]
[Result "1-0"]
[WhiteElo "2000"]
[BlackElo "1905"]
[PlyCount "69"]
[EventDate "2007.10.08"]
[EventType "swiss"]
[EventRounds "7"]
[EventCountry "ESP"]
[Source "lmi"]
[SourceDate "2007.10.08"]

1. d4 Nf6 2. Nf3 e6 3. c4 b6 4. Nc3 d5 5. Bg5 Be7 6. e3 O-O 7. Qc2 dxc4 8. Bxc4
Ba6 9. Bb3 c5 10. O-O-O c4 11. Ba4 Nd5 12. Nxd5 exd5 13. Qf5 f6 14. Bf4 b5 15.
Bc2 g6 16. Qg4 f5 17. Qg3 Qa5 18. Ne5 Bf6 19. Bxf5 Bc8 20. Bxg6 hxg6 21. Nxg6
Qxa2 22. Nxf8+ Kxf8 23. Bh6+ Kf7 24. Qd6 Bf5 25. Qxd5+ Kg6 26. e4 Qa1+ 27. Kc2
Qa4+ 28. Kb1 Bg4 29. f3 c3 30. fxg4 c2+ 31. Kc1 cxd1=R+ 32. Rxd1 Na6 33. Qh5+
Kh7 34. Bg5+ Kg8 35. Qg6+ 1-0

[Event "Campeonato de España Femenino 2007"]
[Site "Socuellamos ESP"]
[Date "2007.10.10"]
[Round "4.1"]
[White "Ares Campo, Iria"]
[Black "Vega Gutierrez, Belinda Vidina"]
[Result "1-0"]
[WhiteElo "1960"]
[BlackElo "2085"]
[PlyCount "39"]
[EventDate "2007.10.08"]
[EventType "swiss"]
[EventRounds "7"]
[EventCountry "ESP"]
[Source "lmi"]
[SourceDate "2007.10.08"]

1. e4 e5 2. Nf3 Nc6 3. d4 exd4 4. Nxd4 Bc5 5. Be3 Qf6 6. Nb5 Bxe3 7. fxe3 Qxb2
8. N1c3 Qb4 9. Rb1 Qa5 10. Rb3 Nf6 11. Ra3 Qb4 12. Nxc7+ Kd8 13. Rb3 Qa5 14.
Nxa8 Nxe4 15. Qd5 Nxc3 16. Qxa5+ Nxa5 17. Rxc3 Nc6 18. Bb5 b6 19. Bxc6 dxc6 20.
Ra3 1-0

[Event "Campeonato de España Femenino 2007"]
[Site "Socuellamos ESP"]
[Date "2007.10.10"]
[Round "4.2"]
[White "Gutierrez Castillo, Paloma"]
[Black "Garcia Vicente, Nieves"]
[Result "1/2-1/2"]
[WhiteElo "2141"]
[BlackElo "2199"]
[PlyCount "107"]
[EventDate "2007.10.08"]
[EventType "swiss"]
[EventRounds "7"]
[EventCountry "ESP"]
[Source "lmi"]
[SourceDate "2007.10.08"]

1. e4 e5 2. Nf3 Nc6 3. Bc4 Nf6 4. d3 Bc5 5. Bb3 d6 6. c3 a6 7. Nbd2 O-O 8. O-O
Ba7 9. h3 h6 10. Re1 Nh5 11. Nf1 Qf6 12. Be3 Bxe3 13. fxe3 g6 14. N1h2 Qe7 15.
Rf1 Kh7 16. Bc2 Ng3 17. Rf2 Bd7 18. Nf1 Nxf1 19. Qxf1 Kg7 20. d4 Rae8 21. Re1
f5 22. Kh1 f4 23. dxe5 dxe5 24. exf4 Rxf4 25. g3 Rf6 26. Ree2 Ref8 27. Ng1 Be6
28. b3 Qc5 29. Rxf6 Rxf6 30. Qe1 Rf7 31. Kg2 b5 32. b4 Qe7 33. Bb3 Bxb3 34.
axb3 a5 35. bxa5 Nxa5 36. Qd1 Qd6 37. Rd2 Qc6 38. Qc2 Qe6 39. Nf3 Nxb3 40. Rd5
Qf6 41. Qd1 Na5 42. Rxb5 Nc4 43. Qd3 Qe6 44. Rc5 Nb6 45. Qe2 Qd6 46. Rb5 Nd7
47. Rd5 Qa3 48. Qd2 Qa4 49. Qe2 Qa3 50. Qd2 Qa4 51. Qe2 Qa3 52. Qd3 Qa2+ 53.
Qd2 Qa4 54. Qe2 1/2-1/2